十大元帅 - Statistics

General Stats
  • This quiz has been taken 717 times
  • The average score is 8 of 10
Answer Stats
姓名 % Correct
朱德
94%
林彪
93%
彭德怀
92%
叶剑英
78%
刘伯承
77%
聂荣臻
75%
徐向前
71%
贺龙
70%
陈毅
67%
罗荣桓
58%
No matching quizzes found
Score Distribution
Percent of People with Each Score
Percentile by Number Answered
Your Score History
You have not taken this quiz